00825nam a2200169 a 450000500170000000800410001705000250005810000170008324500490010026000370014930000100018652002540019665000430045065000170049399900190051095201260052920140414132103.0100722s19uu xx 00 eng d aREF 793.73bW51 2002 aWick, Walter aCan you see what I see? :bOnce upon a time. aNew York :bScholastic ,c2002. a35 p. a Little Red Riding Hood -- Sleeping Beauty -- Hansel & Gretel -- Beauty & the Beast -- Goldilocks & the Three Bears -- Little Pigs -- The Little Mermaid -- Rumpelstiltskin -- Puss in Boots -- Aladdin & the wonderful lamp -- Cinderella -- Ever after. aPicture puzzles --Juvenile literature. aFairy tales. c114520d114520 00104050aMUbMUcREFd2010-07-22eBkRewardg589.00l0oREF 793.73 W51 2002pM6370r2014-04-14 00:00:00w2014-04-14yBK